Синергетика поетичного слова (Запис № 575321)

МАРК-запис
000 -Лідер
fixed length control field 02101 a2200253 4500
003 - Ідентифікатор контрольного номера
control field UA-OsUOA
005 - Дата та час останнього входження (трансакції)
control field 20231023100640.0
008 - Елементи даних фіксованої довжини – загальна інформація
fixed length control field 231023b un ||||| |||| 00| 0 ukr d
020 ## - Міжнародний стандартний книжковий номер (ISBN)
Міжнародний стандартний книжковий номер (ISBN) (НП) 9667822664
040 ## - Джерело каталогізації
Агенція оригінальної каталогізації UA-OsUOA
Мова каталогізації ukr
Агенція, яка здійснювала перезапис UA-OsUOA
Агенція, яка здійснювала модифікацію UA-OsUOA
041 ## - Код мови
Код мови тексту/ звукової доріжки чи окремого заголовка (П) ukr
080 ## - Індекс Універсальної десяткової класифікації
Індекс Універсальної десяткової класифікації (УДК) (НП) 81'42
090 ## - Локальний шифр розміщення
Класифікаційний індекс УДК 81'42
Авторський знак (НП) C30
100 ## - Основне введення – ім’я особи
Ім’я особи (НП) Семенець О. О.
110 ## - Наймення організації – загальна інформація
Найменування колективу або юрисдикції як початковий елемент введення Міністерство освіти і науки України
Структурний підрозділ Кіровоградський державний педагогічний університет імені Володимира Винниченка
245 ## - Відомості про назву
Назва (НП) Синергетика поетичного слова
Решта назви (НП) монографія
Дані про відповідальність (НП) О. О. Семенець
260 ## - Публікація, розповсюдження і т.п. (Вихідні дані)
Місце публікації, розповсюдження і т.п. (П) Кіровоград
Ім’я/ наймення видавництва, розповсюджувача і т.п. (П) Імекс ЛТД
Дата публікації, розповсюдження і т.п. (П) 2004
300 ## - Фізичний опис
Обсяг 338 с.
520 ## - Резюме і т.п.
Резюме, реферат, анотація, тощо (НП) Монографія підсумовує досвід поєднання й синтетичного розгляду різних аспектів організації поетичного дискурсу: його мовно-рівневої системності, семіотичної та модально-логічної специфіки. Комплексна методологія дослідження будується на інтегративній базі синергетики – теорії складних нелінійних систем.<br/> <br/>Синергетика модальностей застосована у вивченні мистецького ідіолекту Євгена Маланюка, чия поезія відзначається змістовим багатством, естетичною довершеністю,модальною поліфонією.<br/> <br/>Для науковців, викладачів і студентів вищих закладів освіти.<br/>
650 ## - Додаткове предметне введення – тематичний термін
Джерело заголовка чи терміна UDC
Тематичний термін чи географічна назва, як елемент введення (НП) 81 Лінгвістика. Мовознавство. Мови
942 ## - Додаткові елементи входу (Коха)
Тип елемента Koha Книги
Source of classification or shelving scheme Universal Decimal Classification
955 ## - Код типу видання за змістом
Код типу видання за змістом (НП) Наукові видання
Фонди
Стан вилучень Стан втрат Джерело класифікації або схеми стелажів Стан уражень Не для кредиту Постійне місце розташування Поточне розміщення Дата придбання Джерело придбання Вартість, звичайна ціна покупки Усього замовленно Повний номер виклику Штрих-код Дата останнього перегляду Вартість, ціна заміни Ціна ефективна від Тип елемента Koha
    Universal Decimal Classification     ЧЗ - Читальна зала ЧЗ - Читальна зала 23/10/2023 №34/18.10.2023 20.00   81'42 C30 166437 23/10/2023 20.00 23/10/2023 Книги